| 000 | 006740000a22002290004500 | ||
|---|---|---|---|
| 003 | LK-CoMWRAF | ||
| 005 | 20231006112050.0 | ||
| 008 | 230817t2000 ||||| |||| 00| 0 eng d | ||
| 020 | _a9757014060 | ||
| 040 |
_aLK-CoMWRAF _dLK-CoMWRAF _eLK-CoMWRAF |
||
| 041 | _aeng | ||
| 082 |
_a297 _bWOM |
||
| 245 | _aWomen And Sexuality In Muslim Societies | ||
| 260 |
_aTurkey: _bWomen for Women's Human Rights, _c2000 |
||
| 300 |
_axii, 455 p. : ill. ; 23 cm _bIndex included |
||
| 650 | _aWOMEN IN ISLAM | ||
| 650 | _aWomen-Sexual behavior | ||
| 650 | _aSex-Religious aspects-Islam | ||
| 650 | _aSex-Political aspects-Islam | ||
| 700 |
_a Pınar İlkkaracan _eed. |
||
| 942 | _cBK | ||
| 999 |
_c151 _d151 |
||